The next step - Estadísticas

Estadísticas generales
  • Esta prueba ha sido intentada 18 veces
  • La puntuación promedio es 16 de 26
Estadísticas de respuestas
Hint Respuesta % Correcto
- Daniel
93%
- Eldon
93%
- Emily
93%
- James
86%
- Michelle
86%
- Chloe
79%
- Giselle
79%
- Noah
79%
- Richelle
79%
- Riley
79%
- Amanda
71%
- Hunter
71%
- Stephanie
71%
- Thalia
71%
- Tiffany
71%
- West
71%
- Kate
57%
- Max
57%
- Chris
50%
- Cierra
43%
- Phoebe
36%
- Skylar
36%
- Lucien
29%
- Beth
14%
- Ella
14%
- Tess
14%
No se encontraron pruebas coincidentes
Distribución de puntuación
Porcentaje de gente con cada puntuación
Porcentaje por número respondido
Historial de tus puntuaciones
No has intentado esta prueba.